000 00499nam a22001697a 4500
005 20251108163335.0
008 250721s1988 xx 000 0 ara d
082 1 4 _a170/سحم
100 1 _aالسحمراني، أسعد
245 1 0 _aالأخلاق في الإسلام و الفلسفة القديمة /
264 1 _aبيروت :
_bدار النفائس،
_c1988.
300 _a175ص
650 1 7 _aالأخلاق
650 1 7 _aالآداب الإسلامية
942 _2ddc
_cBK
999 _c226
_d226